Normal view
MARC view
- English language
Entry Topical Term
001 - CONTROL NUMBER
- control field: 86998
003 - CONTROL NUMBER IDENTIFIER
- control field: NUST
005 - DATE AND TIME OF LATEST TRANSACTION
- control field: 20211224150042.0
008 - FIXED-LENGTH DATA ELEMENTS
- fixed length control field: 211224|| aca||aabn | a|a d
040 ## - CATALOGING SOURCE
- Original cataloging agency: NUST
- Transcribing agency: NUST
150 ## - HEADING--TOPICAL TERM
- Topical term or geographic name entry element: English language
- General subdivision: Technical English
670 ## - SOURCE DATA FOUND
- Source citation: Work cat.: (NUST)33990: Gerson, Steven M., 1948- 86997, Technical Communication :, c2014.
